Blender 3D: Guia do usuário / (Registro n. 5470)
[ somente texto ]
| 000 -LÍDER | |
|---|---|
| campo de controle de tamanho fixo | 01605nam a2200253 a 4500 |
| 001 - NÚMERO DE CONTROLE | |
| campo de controle | BS0000407 |
| 003 - IDENTIFICADOR DO NÚMERO DE CONTROLE | |
| campo de controle | BR-BrBNA |
| 005 - DATA E HORÁRIO DA ÚLTIMA TRANSAÇÃO | |
| campo de controle | 20230418191442.0 |
| 008 - CAMPO DE DADOS FIXOS--INFORMAÇÃO GERAL | |
| campo de controle de tamanho fixo | 230308b |||||||| |||| 00| 0 por d |
| 040 ## - FONTE DA CATALOGAÇÃO | |
| Instituição da catalogação original | BR-BrBNA |
| Idioma da catalogação | por |
| Instituição que transcreveu o registro | Biblioteca Nacional de Agricultura |
| 041 ## - CÓDIGO DE IDIOMA | |
| Código do idioma do texto/trilha sonora ou título diferente | por |
| 072 ## - CÓDIGO DE CATEGORIA DE ASSUNTO | |
| Código de Categoria de Assunto | C13 |
| 090 ## - NÚMERO DE CHAMADA LOCAL | |
| Número de chamada | C13 BS0000407 |
| 100 1# - ENTRADA PRINCIPAL--NOME PESSOAL | |
| Nome pessoal | Brito, Allan |
| 245 1# - TÍTULO | |
| Título | Blender 3D: Guia do usuário / |
| 250 1# - EDIÇÃO | |
| Edição | 3.ed Revisada e ampliada. |
| 260 3# - PUBLICAÇÃO, DISTRIBUIÇÃO, ETC. | |
| Local de publicação, distribuição, etc. | São Paulo, SP: |
| Nome do editor, distribuidor, etc. | Novatec., |
| Data da publicação, distribuição, etc. | 2008.. |
| 300 ## - DESCRIÇÃO FÍSICA | |
| Extensão | 550 p. |
| 520 3# - NOTA DE RESUMO, ETC | |
| Resumo, etc. | O Blender é um software multiplataforma extremamente poderoso para modelagem tridimensional (3D), com recursos comparáveis aos dos softwares proprietários similares, como 3D Studio, Maya e Rhinoceros, mas com a vantagem de estar disponível para download gratuito na internet. Tal versatilidade encontra aplicação nas áreas de animação e efeitos especiais para jogos e filmes, arquitetura, publicidade, engenharia, design ou qualquer outra que necessite pré-visualização 3D. Blender 3D - Guia do Usuário aborda desde os conceitos básicos, como a interface inovadora e a manipulação de objetos, até conceitos avançados, como animação de personagens. O livro é indicado para usuários iniciantes, e também experientes, que pretendem aprimorar seus conhecimentos nessa incrível ferramenta, O autor consegue detalhar as ferramentas de maneira simples e didática, reforçando os conceitos por meio de exemplos práticos e exercícios. |
| 650 ## - ASSUNTO--TERMO TÓPICO | |
| Cabeçalho tópico ou nome geográfico | INFORMÁTICA |
| 650 ## - ASSUNTO--TERMO TÓPICO | |
| Cabeçalho tópico ou nome geográfico | CINEMA DE ANIMAÇÃO |
| 909 ## - | |
| -- | 202304 |
| -- | Sergio Santos |
| -- | 56 |
| -- | Sergio Santos |
| 942 ## - ELEMENTOS DE ENTRADA ADICIONADOS (KOHA) | |
| Tipo de material Koha | Livros |
| Situação do descarte | Fonte da classificação ou esquema de arquivamento na estante | Situação física | Não pode ser emprestado | Coleção | Biblioteca de origem | Biblioteca atual | Total de empréstimos | Número de telefone completo | Código de barras | Data de último acesso | Número do exemplar | Tipo de material Koha | Situação das perdas | Data de aquisição | Fonte de aquisição | Qualificador de local codificado |
|---|---|---|---|---|---|---|---|---|---|---|---|---|---|---|---|---|
| Classificação AGRIS | Acervo Cultural | Biblioteca Nacional de Agricultura - Binagri | Biblioteca Nacional de Agricultura - Binagri | C13 BS0000407 | C13 BS0000407 | 12/04/2023 | 01 | Livros | 2023-04-04 | Doação | C13 |

BINAGRI